| 000 | 00797nam a2200217 a 4500 | ||
|---|---|---|---|
| 001 | BRL_1408 | ||
| 005 | 20190320211205.0 | ||
| 008 | 130114s1973----u--#######---#000-0#eng-# | ||
| 041 | _aeng | ||
| 044 | _au | ||
| 050 | 4 |
_aF1391 _b.C37 1973 |
|
| 100 | 1 |
_aCasas, Fray Bartolome de las _d1474-1566 _98116 |
|
| 245 | 1 | 0 |
_aTravelling in 1544 from Salamanca, Spain to Ciudad Real Chiapas, Mexico _btravels and trials of Fray Bartolomé de Las Casas and his Dominican Fathers _cedited and translated by Frans Blom. |
| 260 |
_a[Estados Unidos] _bSeweanee Review _c1973 |
||
| 300 |
_ap. 569 _c24 cm. |
||
| 500 | _aAu1703 | ||
| 651 | 4 |
_aSan Cristóbal de Las Casas (Chiapas) _xDrescripciones y viajes _926804 |
|
| 700 | 1 |
_aBlom, Frans Ferdinand _d1893-1963 _etrad. _926786 |
|
| 902 | _aGRL | ||
| 942 |
_2lcc _cB |
||
| 999 |
_c10218 _d10218 |
||